000 00608nam a22001937a 4500
003 BUBTL
008 191116b xxu||||| |||| 00| 0 eng d
020 _a984-32-0858-7
082 _a954.92 / QUI
100 _92459
_aQuadir, Muhammad Nurul
245 _aIndependence of Bangladesh in 266 Days :
_bHistory And Documentary Evidence /
_cMuhammad Nurul Quadir
250 _a4th ed.
260 _aDhaka :
_bMukto Publishers,
_c11-09-2012
300 _a804 p. :
_c28 cm.
650 0 _92460
_aFreedom Fight
856 _k0
_l0
_yDownload
942 _2ddc
_cBK
999 _c6155
_d6155